00251nam a2200097Ia 4500008004100000041000800041100001300049245005400062260002900116300000800145230822s1999 xx 000 0 und d aeng aYOGER J. aEFFECTIVE BUSINESS AND NONFICTION WRITING 2ND ED. bVMP PUB . MUMBAI c1999 a163